Alice Munro Bibliography - Statistics

General Stats
  • This quiz has been taken 5 times
    4 since last reset
  • The average score is 36 of 182
Answer Stats
Type Year Name % Correct
Short Story 2011 Dear Life
100%
Short Story Collection 2012 Dear Life
100%
Short Story 1993 Open Secrets
75%
Short Story Collection 1994 Open Secrets
75%
Short Story 1996 The Love of a Good Woman
75%
Short Story Collection 1998 The Love of a Good Woman
75%
Short Story 1978 The Moons of Jupiter
75%
Short Story Collection 1982 The Moons of Jupiter
75%
Short Story 1961 Dance of the Happy Shades
50%
Short Story Collection 1968 Dance of the Happy Shades
50%
Short Story 2006 Dimensions
50%
Short Story Collection 1990 Friend of My Youth
50%
Short Story 1990 Friend of My Youth
50%
Short Story Collection 2001 Hateship, Friendship, Courtship, Loveship, Marriage
50%
Short Story 2001 Hateship, Friendship, Courtship, Loveship, Marriage
50%
Short Story Collection 1971 Lives of Girls and Women
50%
Short Story 1971 Lives of Girls and Women
50%
Short Story 2003 Runaway
50%
Short Story Collection 2004 Runaway
50%
Short Story Collection 1974 Something I've Been Meaning to Tell You
50%
Short Story 1974 Something I've Been Meaning to Tell You
50%
Short Story 2005 The View from Castle Rock
50%
Short Story Collection 2006 The View from Castle Rock
50%
Short Story Collection 2009 Too Much Happiness
50%
Short Story 2009 Too Much Happiness
50%
Short Story Collection 1978 Who Do You Think You Are?
50%
Short Story 1978 Who Do You Think You Are?
50%
Short Story 1977 Accident
25%
Short Story Collection 2006 Alice Munro's Best: A Selection of Stories
25%
Short Story 1961 An Ounce of Cure
25%
Short Story 1992 A Wilderness Station
25%
Short Story 2011 Axis
25%
Short Story 1971 Baptizing
25%
Short Story 1982 Bardon Bus
25%
Short Story 1964 Boys and Girls
25%
Short Story 1979 Chaddeleys and Flemings II: The Stone in the Field
25%
Short Story 1979 Chaddeleys and Flemings I: The Connection
25%
Short Story 1971 Changes and Ceremonies
25%
Short Story 2009 Child's Play
25%
Short Story 1986 Circle of Prayer
25%
Short Story 1978 Connection
25%
Short Story 1956 Day of the Butterfly
25%
Short Story 1989 Differently
25%
Short Story 1980 Dulse
25%
Short Story 1971 Epilogue: The Photographer
25%
Short Story 1985 Eskimo
25%
Short Story 2008 Face
25%
Short Story 1986 Fits
25%
Short Story 2008 Free Radicals
25%
Short Story 1978 Half a Grapefruit
25%
Short Story 1982 Hard-Luck Stories
25%
Short Story 1971 Heirs of the Living Body
25%
Short Story 1994 Hired Girl
25%
Short Story 1974 Home
25%
Short Story 1974 How I Met My Husband
25%
Short Story 2006 Illinois
25%
Short Story 1968 Images
25%
Short Story 1986 Jesse and Meribeth
25%
Short Story 1981 Labor Day Dinner
25%
Short Story 1985 Lichen
25%
Short Story 1974 Marrakesh
25%
Short Story 1973 Material
25%
Short Story 1988 Meneseteung
25%
Short Story 1985 Miles City, Montana
25%
Short Story 1978 Mischief
25%
Short Story 1986 Monsieur les Deux Chapeaux
25%
Short Story 1982 Mrs. Cross and Mrs. Kidd
25%
Short Story 2012 Night
25%
Short Story 1987 Oh, What Avails
25%
Short Story 1988 Oranges and Apples
25%
Short Story 2004 Passion
25%
Short Story 1968 Postcard
25%
Short Story 1971 Princess Ida
25%
Short Story 1977 Providence
25%
Short Story 1981 Prue
25%
Short Story 1986 Queer Streak
25%
Short Story 1965 Red Dress - 1946
25%
Short Story 1977 Royal Beatings
25%
Short Story Collection 1996 Selected Stories
25%
Short Story 2004 Silence
25%
Short Story 1978 Simon's Luck
25%
Short Story 1957 Sunday Afternoon
25%
Short Story 1957 Thanks for the Ride
25%
Short Story 1994 The Albanian Virgin
25%
Short Story 1977 The Beggar Maid
25%
Short Story 1997 The Children Stay
25%
Short Story 1950 The Dimensions of a Shadow
25%
Short Story 2012 The Eye
25%
Short Story 1971 The Flats Road
25%
Short Story 1993 The Jack Randa Hotel
25%
Short Story 1986 The Moon in the Orange Street Skating Rink
25%
Short Story 1962 The Office
25%
Short Story 1974 The Ottawa Valley
25%
Short Story 1960 The Peace of Utrecht
25%
Short Story 1985 The Progress of Love
25%
Short Story Collection 1986 The Progress of Love
25%
Short Story 1974 The Spanish Lady
25%
Short Story 1980 The Turkey Season
25%
Short Story 2004 Trespasses
25%
Short Story 2004 Tricks
25%
Short Story 1993 Vandals
25%
Short Story 1982 Visitors
25%
Short Story 1986 White Dump
25%
Short Story 1989 Wigtime
25%
Short Story 1978 Wild Swans
25%
Short Story 1974 Winter Wind
25%
Short Story 1980 Wood
25%
Short Story 1953 A Basket of Strawberries
0%
Short Story 1979 A Better Place Than Home
0%
Short Story 1971 Age of Faith
0%
Short Story 1971 Ally and Lizzy
0%
Short Story 2012 Amundsen
0%
Short Story 1992 A Real Life
0%
Short Story 1968 A Trip to the Coast
0%
Short Story 1955 At the Other Place
0%
Short Story 1991 Carried Away
0%
Short Story 1978 Characters
0%
Short Story 2001 Comfort
0%
Short Story 2010 Corrie
0%
Short Story 1998 Cortes Island
0%
Short Story 2008 Deep-Holes
0%
Short Story 2012 Dolly
0%
Short Story 1974 Executioners
0%
Short Story 2001 Family Furnishings
0%
Short Story Collection 2014 Family Furnishings: Selected Stories 1995-2014
0%
Short Story 2006 Fathers
0%
Short Story 2007 Fiction
0%
Short Story 1988 Five Points
0%
Short Story 2000 Floating Bridge
0%
Short Story 1973 Forgiveness in Families
0%
Short Story 1956 Goodbye Myra
0%
Short Story 1989 Goodness and Mercy
0%
Short Story 2011 Gravel
0%
Short Story 2012 Haven
0%
Short Story 1988 Hold Me Fast, Don't Let Me Pass
0%
Short Story 1956 How Could I Do That?
0%
Short Story 2012 In Sight of the Lake
0%
Short Story 1998 Jakarta
0%
Short Story 2011 Leaving Maverley
0%
Short Story 2002 Lying Under the Apple Tree
0%
Short Story Collection 2014 Lying Under the Apple Tree: New Selected Stories
0%
Short Story 1974 Memorial
0%
Short Story 2006 Messenger
0%
Short Story 1998 My Mother's Dream
0%
Short Story 2000 Nettles
0%
Short Story Collection 2011 New Selected Stories
0%
Short Story 2006 No Advantages
0%
Short Story Collection 2003 No Love Lost
0%
Short Story 1990 Pictures of the Ice
0%
Short Story 2000 Post and Beam
0%
Short Story 2004 Powers
0%
Short Story 2011 Pride
0%
Short Story 1977 Privilege
0%
Short Story 1998 Queenie
0%
Short Story 1998 Rich as Stink
0%
Short Story 1998 Save the Reaper
0%
Short Story 2008 Some Women
0%
Short Story 2004 Soon
0%
Short Story 1994 Spaceships Have Landed
0%
Short Story 1978 Spelling
0%
Short Story 1950 Story for Today
0%
Short Story 1974 Tell Me Yes or No
0%
Short Story 1999 The Bear Came Over the Mountain
0%
Short Story 1957 The Dangerous One
0%
Short Story 1955 The Edge of Town
0%
Short Story 1982 The Ferguson Girls Must Never Marry
0%
Short Story 1974 The Found Boat
0%
Short Story 1954 The Idyllic Summer
0%
Short Story 1968 The Shining Houses
0%
Short Story 2006 The Ticket
0%
Short Story 1956 The Time of Death
0%
Short Story 1951 The Widower
0%
Short Story 2012 To Reach Japan
0%
Short Story 2004 Train
0%
Short Story 2012 Train
0%
Short Story Collection 2004 Vintage Munro
0%
Short Story 1968 Walker Brothers Cowboy
0%
Short Story 1974 Walking on Water
0%
Short Story 2005 Wenlock Edge
0%
Short Story 1994 What Do You Want to Know For?
0%
Short Story 2001 What Is Remembered
0%
Short Story 1981 Working for a Living
0%
No matching quizzes found
Score Distribution
Percent of People with Each Score
Percentile by Number Answered
Your Score History
You have not taken this quiz since the last reset